Top 50 Population by Country 2019 - Statistics

General Stats
  • This quiz has been taken 8,796 times
  • The average score is 35 of 50
Answer Stats
Hint Answer % Correct
1,420,062,022 China
99%
1,368,737,513 India
98%
329,093,110 USA
97%
212,392,717 Brazil
95%
143,895,551 Russia
95%
66,959,016 United Kingdom
92%
82,438,639 Germany
90%
269,536,482 Indonesia
90%
65,480,710 France
89%
204,596,442 Pakistan
86%
126,854,745 Japan
85%
132,328,035 Mexico
85%
200,962,417 Nigeria
83%
46,441,049 Spain
83%
59,216,525 Italy
82%
45,101,781 Argentina
81%
168,065,920 Bangladesh
81%
101,168,745 Egypt
78%
82,961,805 Turkey
78%
37,279,811 Canada
77%
43,795,220 Ukraine
74%
82,820,766 Iran
73%
38,028,278 Poland
72%
58,065,097 South Africa
70%
86,727,573 DR Congo
69%
110,135,635 Ethiopia
67%
108,106,310 Philippines
67%
51,339,238 South Korea
67%
97,429,061 Vietnam
67%
49,849,818 Colombia
65%
40,412,299 Iraq
64%
34,140,662 Saudi Arabia
64%
29,579,986 Yemen
64%
42,679,018 Algeria
63%
69,306,160 Thailand
61%
32,933,835 Peru
60%
31,787,566 Angola
59%
32,779,868 Venezuela
59%
36,635,156 Morocco
56%
29,942,018 Nepal
55%
60,913,557 Tanzania
55%
37,209,007 Afghanistan
53%
54,336,138 Myanmar
50%
42,514,094 Sudan
50%
52,214,791 Kenya
49%
32,454,455 Malaysia
49%
45,711,874 Uganda
49%
30,096,970 Ghana
46%
31,408,823 Mozambique
45%
32,807,368 Uzbekistan
45%
No matching quizzes found
Score Distribution
Percent of People with Each Score
Percentile by Number Answered
Your Score History
You have not taken this quiz